Vybrané problémy rozvoja cestovného ruchu pri podpore rozvoja regiónu

Salvato in:
Dettagli Bibliografici
Autore principale: Mišúnová, Ema
Natura: Capitolo di libro
Lingua:slovacco
Tags: Aggiungi Tag
Nessun Tag, puoi essere il primo ad aggiungerne!!

MARC

LEADER 00000naa$a2200000$$$4500
001 0128124
005 20240502072449.1
041 0 |a slo 
044 |a SK 
245 1 0 |a Vybrané problémy rozvoja cestovného ruchu pri podpore rozvoja regiónu  |c Ema Mišúnová 
100 1 |a Mišúnová, Ema